| 000 | 00969cam a2200289 i 4500 | ||
|---|---|---|---|
| 001 | 200443448 | ||
| 999 |
_c200443448 _d61660 |
||
| 003 | TR-AnTOB | ||
| 005 | 20241129155057.0 | ||
| 007 | ta | ||
| 008 | 081110n tu 00 tur tu | ||
| 040 |
_aTR-AnTOB _beng _erda _cTR-AnTOB |
||
| 041 | 0 | _atur | |
| 050 | 1 | 4 |
_aBP173.6 _b.G69 |
| 090 |
_aBP173.6 _b.G69 |
||
| 100 | 1 |
_aGözaydın-Tarhanlı, İştar B., _d1959- _eauthor _948925 |
|
| 245 | 1 | 0 |
_aTürkiye'de diyanet / _cDr. İştar Gözaydın-Tarhanlı. |
| 264 | 1 |
_a[Place of publication not identified] : _bYeni Yüzyıl Kitaplığı, _c[date of publication not identified] |
|
| 300 |
_a75 pages ; _c16 cm |
||
| 336 |
_2rdacontent _atext _btxt |
||
| 337 |
_2rdamedia _aunmediated _bn |
||
| 338 |
_2rdacarrier _avolume _bnc |
||
| 490 | 0 |
_aTürkiye’nin Sorunları Dizisi ; _v19 |
|
| 610 | 1 | 0 |
_963870 _aTurkey. _bDiyanet İşleri Başkanlığı |
| 650 | 0 |
_aDin ve devlet _zTürkiye _963873 |
|
| 942 |
_cBK _2lcc |
||